000
00274nam a2200121Ia 4500
008
241002s9999 xx 000 0 und d
082
_a
960.327 DAV
100
_a
Davidson, Basil
245
0
_a
Which Way Africa
260
_a
London:
_c
1971
600
_a
History
942
_c
UC
999
_c
18587
_d
18587